Zsidó Lexikon

Bibliographic Details
Main Author: Ujvári, Péter (Author)
Format: Book
Language:Undetermined
Published: Budapest A Zsidó Lexikon Kiadása 1929

MARC

LEADER 00000nam a2200000 a 4500
001 vtls001319546
003 SK-MaSNL
005 20260301065602.0
008 240316s1929 xx 0 und
035 |a SNK000272161 
040 |a SNK  |b slo  |c SNK  |e AACR2 
100 1 |a Ujvári, Péter  |4 aut  |9 384557 
245 1 |a Zsidó Lexikon 
260 |a Budapest  |b A Zsidó Lexikon Kiadása  |c 1929 
300 |a 1028 s. 
999 |c 631237  |d 633167 
952 |a SNKPRIRUCN  |b SNKPULT  |y VYP  |7 0  |p 17A0833905  |o snkSC 23926/1 D2  |i snk2011/24493  |8 5  |3 Vrátené z príručnej knižnice  |0 0  |1 0  |4 0  |d 2011-12-14  |l 1  |q 2026-08-18  |r 2026-03-27 14:26:42  |s 2026-03-27  |w 2026-02-23 
952 |a SNKPRIRUCN  |b SNKPULT  |y VYP  |7 0  |p 17A0887741  |o snkSC 23926/2 D2  |i snk2011/24493  |8 5  |3 Vrátené z príručnej knižnice  |0 0  |1 0  |4 0  |d 2012-03-20  |l 1  |q 2026-08-18  |r 2026-03-27 14:26:57  |s 2026-03-27  |w 2026-02-23 
952 |a SNK  |b SNK  |y PREZ  |7 0  |p 17A0913341  |o snkSC 23926  |0 0  |1 0  |4 0  |d 2012-08-27  |l 0  |r 2025-08-20 00:00:00  |w 2026-02-23 
952 |t P60, <04>, [BOOK], {604}  |a SNK  |b SNK  |y VYP  |7 0  |p 17A0121119  |o snkSC 23926 D1  |0 0  |1 0  |4 0  |d 1998-02-05  |l 0  |r 2005-01-02 00:00:00  |w 2026-02-23